Great escape: Health wealth and the origins of inequality (Record no. 1225298)

MARC details
000 -LEADER
fixed length control field 00645nam a2200217Ia 4500
003 - CONTROL NUMBER IDENTIFIER
control field OSt
005 - DATE AND TIME OF LATEST TRANSACTION
control field 20260422122128.0
008 - FIXED-LENGTH DATA ELEMENTS--GENERAL INFORMATION
fixed length control field 241129s9999||||xx |||||||||||||| ||und||
020 ## - INTERNATIONAL STANDARD BOOK NUMBER
International Standard Book Number 9780691165622
040 ## - CATALOGING SOURCE
Original cataloging agency RTL
Language of cataloging eng
Transcribing agency RTL
041 ## - LANGUAGE CODE
Language code of text/sound track or separate title eng
Source of code eng
084 ## - COLON CLASSIFICATION NUMBER
Classification number X:31.1 Q3/TD
Assigning agency RTL
100 ## - MAIN ENTRY--PERSONAL NAME
Personal name Deaton, Angus
9 (RLIN) 1132172
245 #0 - TITLE STATEMENT
Title Great escape: Health wealth and the origins of inequality
260 ## - PUBLICATION, DISTRIBUTION, ETC.
Place of publication, distribution, etc. Princeton
Name of publisher, distributor, etc. Princeton University Press
Date of publication, distribution, etc. 2013
300 ## - PHYSICAL DESCRIPTION
Extent xv, 360 p.
365 ## - TRADE PRICE
Price type code INR
Price amount Rs.1550.00
650 ## - SUBJECT ADDED ENTRY--TOPICAL TERM
Topical term or geographic name entry element National Income
942 ## - ADDED ENTRY ELEMENTS (KOHA)
Koha item type Textbook
Classification part X:31.1 Q3/TD
Source of classification or shelving scheme Colon Classification (CC)
Holdings
Withdrawn status Lost status Source of classification or shelving scheme Damaged status Not for loan Home library Current library Date acquired Source of acquisition Inventory number Total Checkouts Full call number Barcode Date last seen Date last checked out Price effective from Koha item type
    Colon Classification (CC)     Ratan Tata Library Ratan Tata Library 2024-11-29 Shivam Book Service 182 & 17/02/2024 1 X:31.1 Q3/TD RT1528234 2026-04-22 2026-04-16 2024-11-29 Textbook
Copyright @ Delhi University Library System